Geografía argentina

Gespeichert in:
Bibliographische Detailangaben
1. Verfasser: Vedia, Enrique de
Format: Buch
Sprache:Spanisch
Erschienen: Buenos Aires : 1903
Katalog:BNM:  Suchergebnis im Bibliothekskatalog
Schulbuchspezifische Eigenschaften:
Schlagworte:
Tags: Tag hinzufügen
Keine Tags, Fügen Sie den ersten Tag hinzu!
Hinzugefügt zu:07.03.1994
Geändert in:17.02.2022

MARC

LEADER 00000cam a22000004a 4500
003 AR-BaBNM
007 ta
008 940308s1903 ag ||||b |||||||||||spa|d
005 20220217235657.0
035 |a 000048871 
040 |a AR-BaBNM  |b spa 
080 |a 373.5 
100 1 |a Vedia, Enrique de 
245 1 0 |a Geografía argentina /  |c Enrique de Vedia 
260 |a Buenos Aires :  |b Monçaut y Vásquez Millán,  |c 1903 
300 |a 282 p. 
500 |a En cabeza de portada: 'Enseñanza Nacional' 
545 |a Vedia era Rector del Colegio Nacional de Buenos Aires (Casa central) 
650 4 |a Enseñanza de la geografía  |9 7748  |a Geografía de Argentina  |9 8169 
655 4 |a Libros de texto 
942 |2 udc  |c LIBRO 
999 |c 82813  |d 82813 
999 |c KOHA-OAI-TEST:82813  |d 82813